000 00721nam a2200241Ia 4500
003 OSt
005 20220923224119.0
006 a|||||r|||| 00| 0
007 ta
008 220922b |||||||| |||| 00| 0 hin d
024 _a225,766
037 _cTextual
040 _aARTS
_cARTS
_bhin
041 _2hin
_ahin
082 _aO152,2N231, P3
100 _aमोहन राकेश
245 0 _aपैर तले की ज़मीन
246 _aPair tale kī ज़mīna
260 _aदिल्ली
_b राजपाल एण्ड संस
_c2003
300 _a100पृ.
_ccm.
942 _hO152,2N231, P3
_cTEXL
_2CC
999 _c369323
_d369323